00765nam a2200217 a 450000100090000000800410000901000150005002000180006505000180008310000260010124501030012726000490023030000230027933600210030233700250032333800230034850000500037165000310042165000410045265000540049319133502181022s2017 ||||||||||||||||| || u a2016023030 a9781119084396 aTK 5103.2 Pen aPenttinen, Jyrki T. J10aWireless communications security : solutions for the internet of thingsc By Jyrki T. J. Penttinen aUnited Kingdom:bJohn Wiley & Sons Ltdc2017 axxvii, 305p.: ill. atext2rdacontent aunmediated2rdamedia avolume2rdacarrier aIncludes bibliographical references and index 0aINTERNET-SECURITY MEASURES 0aCOMPUTER NETWORKS--SECURITY MEASURES 0aWIRELESS COMMUNICATION SYSTEMS--SECURITY MEASURES